| 000 | 00485nam a22002057a 4500 | ||
|---|---|---|---|
| 003 | LK-CoMWRAF | ||
| 005 | 20231230142939.0 | ||
| 008 | 231118b |||||||| |||| 00| 0 eng d | ||
| 020 | _a0721420141 | ||
| 040 |
_aLK-CoMWRAF _dLK-CoMWRAF _eLK-CoMWRAF |
||
| 041 | _aeng | ||
| 082 |
_a823 _bDAL |
||
| 100 | _aDaly, Audrey | ||
| 245 | _awell loved carols | ||
| 260 |
_bLadybird, _c1998 |
||
| 300 | _a43p | ||
| 650 | _aChildren stories | ||
| 700 |
_aChurch, Peter _eills. |
||
| 942 | _cBK | ||
| 999 |
_c4140 _d4140 |
||